| 000 | 00613nam a22002297a 4500 | ||
|---|---|---|---|
| 003 | OSt | ||
| 005 | 20140310181929.0 | ||
| 008 | 130722t xxu||||| |||| 00| 0 eng d | ||
| 020 | _a0439215706 | ||
| 050 |
_aLB 1576 _b.R875 2001 |
||
| 082 |
_aTRE 808.02 _b R74 2001 |
||
| 100 |
_aRovin-Murphy, Deborah _92604 |
||
| 245 |
_a30 Biography book reports / _cDeborah Rovin-Murphy. |
||
| 260 |
_aNew york : _bScholastics, _cc2001. |
||
| 300 |
_a48 p. _bill. ; _c28 cm. |
||
| 521 | _aFaculty | ||
| 541 | _j1 | ||
| 562 | _e1 | ||
| 650 | _2Book report. | ||
| 650 | _2Writing. | ||
| 942 |
_2lcc _cBK-TR _kTRE |
||
| 999 |
_c7301 _d7301 |
||